Statistieken voor Top 15 Covid-19 getroffen landen - 4 mei

Klik hier om de quiz te nemen!

Algemene statistieken

  • Deze quiz is 3 keer genomen
  • De gemiddelde score is 9 van 24

Antwoordstatistieken

land% Correct
Nederland
100%
België
50%
België
50%
Brazilië
50%
Canada
50%
China
50%
Duitsland
50%
Frankrijk
50%
Ierland
50%
India
50%
Iran
50%
Italië
50%
Rusland
50%
Spanje
50%
Verenigde Staten
50%
Verenigd Koninkrijk
50%
Zweden
50%
Bahrein
0%
Peru
0%
Portugal
0%
Qatar
0%
Singapore
0%
Turkije
0%
Zwitserland
0%

Scoreverdeling

Percentiel versus Aantal Correcte Antwoorden

Procent van Mensen met Elke Score

Uw Scoregeschiedenis

U heeft deze quiz nog niet genomen